Con tu hijo, paso a paso.

Gespeichert in:
Bibliographische Detailangaben
1. Verfasser: Jefatura Central de Tráfico (sección de divulgación). Autor
Format: keine Angabe
Sprache:Spanisch
Erschienen: Madrid Hauser y Menet, S.A. 1962
Katalog:MANES:  Suchergebnis im Bibliothekskatalog
Schulbuchspezifische Eigenschaften:
Tags: Tag hinzufügen
Keine Tags, Fügen Sie den ersten Tag hinzu!
Hinzugefügt zu:26.04.2016
Geändert in:07.05.2025

MARC

LEADER 000000000a22000000004500
001 07701
003 OSt
005 20250507133321.0
008 160427s sp ||||| |||| 00| 0 spa d
040 |c centro_manes 
041 1 |a spa 
561 |5 es-CICE  |a España. Centro Internacional de la Cultura Escolar  |k MANES 
691 0 |a IN  |a PRI 
100 1 |a Jefatura Central de Tráfico (sección de divulgación). Autor  |9 3996 
245 0 0 |a Con tu hijo, paso a paso. 
260 3 |a Madrid  |b Hauser y Menet, S.A.  |c 1962 
300 |a 16 p.  |c 21 x 19 cm 
690 0 |a EF  |a EyL 
942 |2 ddc  |c BK 
546 |a España 
999 |c 13675  |d 13675 
999 |c manes:13675  |d 13675